Rozpoznaj greckiego boga po opisie i atrybucie - Statystyki

Ogólne statystyki
  • Ten quiz został rozwiązany 1 258 razy
  • Średni wynik to 12 z 17
Statystyki odpowiedzi
Opis Artrybuty Grecki bóg % Poprawnych
bóg nieba, władca wszystkich bogów Błyskawice, pioruny Zeus
100%
bóg morza i żeglarzy Trójząb Posejdon
94%
bóg wojny Włócznia, zbroja Ares
93%
bogini mądrości i sztuki wojennej Sowa, tarcza Atena
87%
bogini miłości i piękna Róża, morska muszla Afrodyta
86%
bóg zmarłych Berło, klucze Hades
84%
bogini płodności i macierzyństwa Pawie pióra, owoc granatu Hera
82%
bóg ognia i wulkanów Młot, kowadło Hefajstos
76%
bogini łowów i natury Łuk Artemida
67%
bogini pól i urodzaju Kosz owoców, sierp Demeter
67%
bóg dzikiej natury, winnej latorośli i wina Wino Dionizos
66%
bóg sztuki i słońca Lira Apollo
64%
bóg podróżnych, kupców i złodziei Kaduceusz Hermes
61%
bogini ogniska domowego Pochodnia Hestia
54%
bogini zwycięstwa Skrzydła Nike
49%
bóg miłości Łuk i strzały Eros
44%
boginie losu Nić Mojry
25%
Nie znaleziono quizów pasujących do podanych kryteriów
Rozkład punktacji
Procent ludzi z każdym wynikiem
Percentyl według liczby udzielonych odpowiedzi
Twoja historia wyników
Nie rozwiązałeś tego quizu